Estatuto del impuesto de valorizacion (Registro nro. 8833)

Detalles MARC
001 - NÚMERO DE CONTROL
campo de control 21613
005 - FECHA Y HORA DE LA ÚLTIMA TRANSACCIÓN
campo de control 20241017090350.0
008 - DATOS DE LONGITUD FIJA--INFORMACIÓN GENERAL
campo de control de longitud fija 960313nuuuuuuuu spa
035 ## - NÚMERO DE CONTROL DEL SISTEMA
Número de control de sistema 21613
035 ## - NÚMERO DE CONTROL DEL SISTEMA
Número de control de sistema (OCoLC)778060842
040 ## - FUENTE DE LA CATALOGACIÓN
Centro/agencia transcriptor comduadb
041 ## - CÓDIGO DE LENGUA
Código de lengua del texto/banda sonora o título independiente spa
100 10 - ENTRADA PRINCIPAL--NOMBRE DE PERSONA
Nombre de persona González, Fernando,
Fechas asociadas al nombre 1895-1964
Código de función aut
Número de control del registro de autoridad o número normalizado (isni)000000011494924
-- (viaf)87363343
Término indicativo de función/relación Autor/a
9 (RLIN) 568674
245 10 - MENCIÓN DE TÍTULO
Título Estatuto del impuesto de valorizacion
773 0# - ENLACE AL DOCUMENTO FUENTE/ENTRADA DE REGISTRO ANFITRIÓN
Título Contra centralismo descentralizacion
Número de control del registro 21612
-- (OCoLC)778060841
Número bibliográfico anfitrión 23069
942 ## - ELEMENTOS DE ENTRADA AGREGADA (KOHA)
Tipo de ítem Koha Libros
Suprimir en OPAC No

No hay ítems disponibles.